| 000 | 00913 a2200229 4500 | ||
|---|---|---|---|
| 999 |
_c8801 _d8801 |
||
| 020 | _a9780702194221 (pbk.) | ||
| 020 | _a0702194220 (pbk.) | ||
| 050 | 0 | 0 | _aKTL482 FOR 2012 |
| 100 | 1 |
_aForsyth, C. F. _eauthor |
|
| 245 | 1 | 0 |
_aPrivate international law : _bthe modern Roman-Dutch law including the jurisdiction of the high courts / _cChristopher Forsyth. |
| 250 | _a5th ed. | ||
| 264 |
_aCape town : _bJuta., _c2012 |
||
| 300 | _alxvii, 504 p. ; | ||
| 500 | _aIncludes bibliographical references and index. | ||
| 504 | _aIncludes bibliographical references and index. | ||
| 650 | 0 | _aConflict of laws (Roman-Dutch law) | |
| 650 | 0 | _aConflict of laws | |
| 650 | 0 | _aJurisdiction | |
| 856 | 4 | 1 |
_3Table of contents only _uhttp://www.loc.gov/catdir/toc/fy13pdf01/2012435084.html |
| 942 |
_2lcc _cBK _h482 _iFOR _kKTL |
||